[Event "EU-chT Seniors 65"]
[Site "Terme Catez"]
[Date "2024.05.15"]
[Round "9.1"]
[White "Huss, Andreas"]
[Black "Quinn, John M"]
[Result "1-0"]
[WhiteElo "2208"]
[BlackElo "2075"]
[PlyCount "95"]
[EventDate "2024.05.07"]
[EventType "team-swiss"]
[EventRounds "9"]
[EventCountry "SLO"]
[SourceTitle "CB20_2024"]
[SourceDate "2024.05.16"]
[SourceVersion "1"]
[SourceVersionDate "2024.05.16"]
[SourceQuality "1"]
[WhiteTeam "Switzerland 65"]
[BlackTeam "England 65 II"]
[WhiteTeamCountry "SUI"]
[BlackTeamCountry "ENG"]

1. d4 Nf6 2. c4 g6 3. Nf3 Bg7 4. Nc3 0-0 5. e4 d6 6. Be2 e5 7. d5 a5 8. Bg5 h6 9. Bh4 Na6 10. Nd2 Bd7 11. 0-0 Qe8 12. Kh1 Nh7 13. f3 h5 14. b3 Bh6 15. a3 Be3 16. Bf2 Bxf2 17. Rxf2 Qe7 18. Rb1 Nc5 19. Qc2 h4 20. b4 axb4 21. axb4 Na4 22. Nxa4 Rxa4 23. c5 Rfa8 24. c6 bxc6 25. dxc6 Be6 26. Bc4 Ng5 27. b5 h3 28. g3 Bxc4 29. Nxc4 d5 30. exd5 Qc5 31. Nxe5 Qxd5 32. Nd7 Qa2 33. b6 Rb4 34. Rc1 Qxc2 35. Rfxc2 cxb6 36. c7 Rc8 37. Ne5 Ra4 38. Kg1 Ne6 39. Kf2 Ra7 40. Nc6 Rcxc7 41. Nxa7 Rxa7 42. Rb1 Nd4 43. Rd2 Nf5 44. Rxb6 Ra1 45. g4 Nh4 46. Rbd6 Rh1 47. Kg3 g5 48. Rd1 1-0

[Event "EU-chT Seniors 65"]
[Site "Terme Catez"]
[Date "2024.05.08"]
[Round "2.1"]
[White "Haik, Aldo"]
[Black "Quinn, John M"]
[Result "1-0"]
[WhiteElo "2375"]
[BlackElo "2075"]
[PlyCount "121"]
[EventDate "2024.05.07"]
[EventType "team-swiss"]
[EventRounds "9"]
[EventCountry "SLO"]
[SourceTitle "CB20_2024"]
[SourceDate "2024.05.16"]
[SourceVersion "1"]
[SourceVersionDate "2024.05.16"]
[SourceQuality "1"]
[WhiteTeam "France 65"]
[BlackTeam "England 65 II"]
[WhiteTeamCountry "FRA"]
[BlackTeamCountry "ENG"]

1. d4 Nf6 2. Nf3 g6 3. c4 Bg7 4. Nc3 0-0 5. g3 d6 6. Bg2 Nbd7 7. 0-0 e5 8. Rb1 c6 9. e4 Re8 10. b3 exd4 11. Nxd4 Nc5 12. Re1 Ng4 13. f3 Qf6 14. Nde2 Ne5 15. Rf1 Ned3 16. Be3 a5 17. Qd2 Qe7 18. Rbd1 Rd8 19. Nf4 Nxf4 20. Bxf4 Be6 21. Ne2 d5 22. cxd5 cxd5 23. e5 Nd7 24. Bg5 Qc5+ 25. Nd4 Rdc8 26. Be3 Qb4 27. f4 Qxd2 28. Rxd2 Rc3 29. Kf2 Rac8 30. Nb5 Rc2 31. Rfd1 Bf8 32. Rxc2 Rxc2+ 33. Rd2 Rxd2+ 34. Bxd2 b6 35. Be3 f6 36. Nc7 Kf7 37. Nxd5 fxe5 38. Nxb6 exf4 39. gxf4 Nc5 40. Ke2 Bd6 41. Nc4 Bxc4+ 42. bxc4 a4 43. Bd2 Ke7 44. Bd5 Kf6 45. Bb4 Ke7 46. Ke3 Kf6 47. Kf3 h5 48. Bc6 Ke7 49. Bxc5 Bxc5 50. Bxa4 Ke6 51. Be8 Kf5 52. Bd7+ Kf6 53. Ke4 Bd6 54. a4 Ke7 55. Bc8 h4 56. h3 Kd8 57. Bb7 Bc7 58. Bd5 Ke7 59. Bc6 Ke6 60. Be8 Kf6 61. c5 1-0

[Event "BCF-chT 2324 (4NCL)"]
[Site "England"]
[Date "2023.11.12"]
[Round "2.3"]
[White "McDonald, Neil R"]
[Black "Quinn, John M"]
[Result "1/2-1/2"]
[WhiteElo "2411"]
[BlackElo "2096"]
[PlyCount "104"]
[EventDate "2023.11.11"]
[EventType "team-tourn"]
[EventRounds "11"]
[EventCountry "ENG"]
[SourceTitle "CB46_2023"]
[SourceDate "2023.11.15"]
[SourceVersion "1"]
[SourceVersionDate "2023.11.15"]
[SourceQuality "1"]
[WhiteTeam "Wood Green"]
[BlackTeam "Celtic Tigers"]
[WhiteTeamCountry "ENG"]
[BlackTeamCountry "ENG"]

1. e4 c5 2. Nf3 e6 3. b3 a6 4. Bb2 Nc6 5. g3 Qc7 6. Bg2 Nf6 7. Qe2 Be7 8. 0-0 0-0 9. d4 cxd4 10. Nxd4 Nxd4 11. Bxd4 e5 12. Bb2 d6 13. c4 Bg4 14. Bf3 Bxf3 15. Qxf3 b5 16. Na3 Qb7 17. Rfe1 Nd7 18. cxb5 axb5 19. Qe2 Rab8 20. Nc2 f5 21. exf5 Rxf5 22. Ne3 Rf3 23. Rad1 Rbf8 24. Nd5 Bd8 25. Rf1 Nc5 26. Ba3 Qa7 27. Bxc5 Qxc5 28. Kg2 Qc8 29. Rd3 Rxd3 30. Qxd3 Qa8 31. Qxb5 Qxa2 32. Qd3 Qa7 33. Qc4 Qf7 34. b4 Kh8 35. b5 Qf3+ 36. Kg1 h5 37. Qc6 h4 38. Nc3 e4 39. Nxe4 d5 40. Nd2 Qd3 41. Qd6 Re8 42. b6 Bxb6 43. Qxb6 Qxd2 44. Qg6 Qe2 45. g4 d4 46. Qh5+ Kg8 47. Qd5+ Kh7 48. Qf5+ Kg8 49. Ra1 d3 50. Ra7 Rf8 51. Qd5+ Kh7 52. Qh5+ Kg8 1/2-1/2

[Event "WchT Seniors 65"]
[Site "Struga"]
[Date "2023.09.22"]
[Round "4.1"]
[White "Garcia Palermo, Carlos H"]
[Black "Quinn, John M"]
[Result "1-0"]
[WhiteElo "2410"]
[BlackElo "2077"]
[PlyCount "77"]
[EventDate "2023.09.19"]
[EventType "team-swiss"]
[EventRounds "9"]
[EventCountry "MKD"]
[SourceTitle "EXT 2024"]
[Source "ChessBase"]
[SourceDate "2023.10.10"]
[SourceVersion "1"]
[SourceVersionDate "2023.10.10"]
[SourceQuality "1"]
[WhiteTeam "Italy 65"]
[BlackTeam "England 65 II"]
[WhiteTeamCountry "ITA"]
[BlackTeamCountry "ENG"]

1. d4 Nf6 2. Nf3 g6 3. Nbd2 Bg7 4. e4 d6 5. Be2 0-0 6. 0-0 c5 7. dxc5 dxc5 8. c3 Nc6 9. Qc2 Qc7 10. Re1 b6 11. a4 Bb7 12. Nc4 Nd8 13. e5 Nd5 14. Bd3 Ne6 15. Be4 Rad8 16. g3 Bc6 17. h4 Qb7 18. Bd2 Ndc7 19. h5 Bxe4 20. Qxe4 Qxe4 21. Rxe4 Rd7 22. Kf1 Rb8 23. Ke2 a6 24. hxg6 fxg6 25. a5 b5 26. Nb6 Rdd8 27. Bg5 Nxg5 28. Nxg5 h6 29. Nf3 Nd5 30. Nxd5 Rxd5 31. b3 c4 32. bxc4 bxc4 33. Rxc4 Bxe5 34. Rc6 Rb2+ 35. Kf1 Kf7 36. c4 Bxg3 37. cxd5 Rxf2+ 38. Kg1 Rxf3 39. Rf1 1-0

[Event "EU-chT Seniors 65"]
[Site "Swidnica"]
[Date "2023.07.15"]
[Round "4.4"]
[White "Quinn, John M"]
[Black "Lederman, Leon S"]
[Result "1/2-1/2"]
[WhiteElo "2061"]
[BlackElo "2213"]
[PlyCount "58"]
[EventDate "2023.07.12"]
[EventType "team-swiss"]
[EventRounds "9"]
[EventCountry "POL"]
[SourceTitle "CBM 215 Extra"]
[Source "ChessBase"]
[SourceDate "2023.09.30"]
[SourceVersion "1"]
[SourceVersionDate "2023.09.30"]
[SourceQuality "1"]
[WhiteTeam "England 65 II"]
[BlackTeam "Israel 65"]
[WhiteTeamCountry "ENG"]
[BlackTeamCountry "ISR"]

1. d4 d5 2. c4 dxc4 3. Nf3 a6 4. e3 Bg4 5. Bxc4 e6 6. h3 Bh5 7. Nc3 Nc6 8. Be2 Nf6 9. a3 Bd6 10. b4 0-0 11. 0-0 Qe7 12. Bb2 Bg6 13. Qb3 e5 14. dxe5 Nxe5 15. Nd5 Nxd5 16. Qxd5 c6 17. Qb3 Be4 18. Bxe5 Bxe5 19. Nxe5 Qxe5 20. Rad1 Qg5 21. f3 Bd5 22. Qc3 f5 23. Bc4 Bxc4 24. Qxc4+ Kh8 25. Qc5 Rae8 26. e4 Qf4 27. exf5 Rxf5 28. Qd4 Qxd4+ 29. Rxd4 a5 1/2-1/2

[Event "BCF-chT 2122 (4NCL)"]
[Site "England"]
[Date "2022.06.25"]
[Round "10.77"]
[White "Quinn, John M"]
[Black "White, Stuart A"]
[Result "1/2-1/2"]
[WhiteElo "2122"]
[BlackElo "2041"]
[PlyCount "61"]
[EventDate "2021.11.27"]
[EventType "team-swiss"]
[EventRounds "11"]
[EventCountry "ENG"]
[SourceTitle "EXT 2023"]
[Source "ChessBase"]
[SourceDate "2022.10.05"]
[SourceVersion "1"]
[SourceVersionDate "2022.10.05"]
[SourceQuality "1"]
[WhiteTeam "Celtic Tigers"]
[BlackTeam "Alba"]
[WhiteTeamCountry "ENG"]
[BlackTeamCountry "ENG"]

1. d4 Nf6 2. c4 e6 3. Nc3 Bb4 4. Qc2 0-0 5. Nf3 d5 6. Bg5 c5 7. dxc5 h6 8. Bxf6 Qxf6 9. e3 Nd7 10. Rc1 Nxc5 11. a3 Bxc3+ 12. Qxc3 Qxc3+ 13. Rxc3 Ne4 14. Rc1 Rd8 15. Be2 b6 16. cxd5 Rxd5 17. 0-0 Bb7 18. Rc7 Rb8 19. b4 Nf6 20. Nd4 Ne8 21. Rc2 Rbd8 22. Bf3 R5d7 23. Bxb7 Rxb7 24. Rfc1 Kf8 25. Kf1 e5 26. Nc6 Rd3 27. Nxe5 Rxa3 28. Rc8 f6 29. Nc4 Rd3 30. Ke2 Rbd7 31. Rc2 1/2-1/2

[Event "WchT Seniors 65"]
[Site "Rhodes"]
[Date "2019.04.21"]
[Round "6.6"]
[White "Quinn, John M"]
[Black "Danner, Lambert"]
[Result "1-0"]
[WhiteElo "2140"]
[BlackElo "2013"]
[PlyCount "103"]
[EventDate "2019.04.16"]
[EventType "team-swiss"]
[EventRounds "9"]
[EventCountry "GRE"]
[SourceTitle "CBM 190 Extra"]
[Source "ChessBase"]
[SourceDate "2019.07.15"]
[SourceVersion "1"]
[SourceVersionDate "2019.07.15"]
[SourceQuality "1"]
[WhiteTeam "England"]
[BlackTeam "Vienna"]
[WhiteTeamCountry "ENG"]
[BlackTeamCountry "AUT"]

1. d4 d6 2. Nf3 f5 3. g3 Nf6 4. Bg2 g6 5. 0-0 Bg7 6. b3 0-0 7. Bb2 c6 8. c4 e5 9. dxe5 Ng4 10. Nc3 Nxe5 11. Qd2 Qe7 12. Rad1 Nf7 13. Rfe1 Na6 14. e4 Qc7 15. Nd4 fxe4 16. Nxe4 Nc5 17. Nxc5 dxc5 18. Ne6 Bxe6 19. Bxg7 Kxg7 20. Rxe6 Rad8 21. Qc3+ Kg8 22. Rde1 Rd7 23. h4 Nd6 24. h5 Rg7 25. Qe5 Nf5 26. hxg6 hxg6 27. Qxc7 Rxc7 28. Rxg6+ Kf7 29. Rge6 Nd4 30. R6e5 b6 31. R1e4 Kf6 32. Rh5 Kg6 33. Rhe5 Kf6 34. Kf1 Rff7 35. Re8 Kg7 36. Rg4+ Kf6 37. Be4 Rfe7 38. Rh8 Rf7 39. Rf4+ Ke5 40. Rh5+ Ke6 41. Rxf7 Rxf7 42. f4 Kd7 43. Kf2 Re7 44. Rh7 b5 45. Rxe7+ Kxe7 46. g4 a5 47. Ke3 a4 48. bxa4 bxa4 49. a3 Kd6 50. g5 Ke6 51. Bd3 Kf7 52. f5 1-0

[Event "WchT Seniors 65"]
[Site "Rhodes"]
[Date "2019.04.17"]
[Round "2.2"]
[White "Quinn, John M"]
[Black "Just, Joachim"]
[Result "1/2-1/2"]
[WhiteElo "2140"]
[BlackElo "1970"]
[PlyCount "90"]
[EventDate "2019.04.16"]
[EventType "team-swiss"]
[EventRounds "9"]
[EventCountry "GRE"]
[SourceTitle "CBM 190 Extra"]
[Source "ChessBase"]
[SourceDate "2019.07.15"]
[SourceVersion "1"]
[SourceVersionDate "2019.07.15"]
[SourceQuality "1"]
[WhiteTeam "England"]
[BlackTeam "Stiftung BSW/DBAG"]
[WhiteTeamCountry "ENG"]
[BlackTeamCountry "GER"]

1. d4 d5 2. c4 c6 3. Nf3 Nf6 4. e3 g6 5. Nc3 Bg4 6. cxd5 Nxd5 7. Be2 Bg7 8. 0-0 e6 9. e4 Nb6 10. Bg5 Qd7 11. e5 h6 12. Be3 0-0 13. Ne4 Bxf3 14. Bxf3 Qe7 15. Qb3 N8d7 16. Rac1 Rab8 17. Bd2 Nd5 18. Rfe1 Rfd8 19. a4 N7b6 20. a5 Na8 21. Nc5 Qc7 22. Qd3 Qe7 23. Qe4 Nac7 24. Rc2 a6 25. Be2 Nb5 26. Bc4 Ndc7 27. Bc3 Nd5 28. f4 Qc7 29. Bxb5 cxb5 30. Bd2 Qe7 31. Rec1 Bf8 32. Qf3 Qh4 33. Ne4 Be7 34. g3 Qh3 35. Nf2 Qh5 36. g4 Qh4 37. Nd3 h5 38. h3 hxg4 39. hxg4 Qh7 40. Kg2 Qg7 41. g5 Qf8 42. Nf2 Rbc8 43. Ne4 Rxc2 44. Rxc2 Bb4 45. Kh1 Kg7 1/2-1/2

[Event "BCF-chTb 1819 (4NCL)"]
[Site "Daventry"]
[Date "2019.02.10"]
[Round "6.87"]
[White "Bremner, Adam"]
[Black "Quinn, John M"]
[Result "0-1"]
[WhiteElo "2210"]
[BlackElo "2163"]
[PlyCount "78"]
[EventDate "2018.11.10"]
[EventType "team-tourn"]
[EventRounds "11"]
[EventCountry "ENG"]
[SourceTitle "CBM 188 Extra"]
[Source "ChessBase"]
[SourceDate "2019.02.26"]
[SourceVersion "1"]
[SourceVersionDate "2019.02.26"]
[SourceQuality "1"]
[WhiteTeam "Grantham Sharks"]
[BlackTeam "Celtic Tigers"]
[WhiteTeamCountry "ENG"]
[BlackTeamCountry "ENG"]

1. d4 Nf6 2. c4 g6 3. Nc3 Bg7 4. e4 d6 5. Nf3 0-0 6. Be2 e5 7. 0-0 Nc6 8. d5 Ne7 9. Ne1 Nd7 10. Nd3 f5 11. Bd2 Nf6 12. f3 b6 13. b4 a5 14. a3 f4 15. c5 g5 16. cxb6 cxb6 17. Nf2 h5 18. h3 Kh8 19. Nb5 Rf7 20. Rc1 Ne8 21. Qc2 Ng8 22. Qd1 Bd7 23. Rc2 Nh6 24. a4 Bf8 25. Rc4 Rg7 26. Bc1 g4 27. fxg4 hxg4 28. Bxg4 Nxg4 29. Nxg4 Bxg4 30. hxg4 Qh4 31. bxa5 bxa5 32. Rc3 Rxg4 33. Rff3 Qg5 34. Qc2 Be7 35. Kf1 Kg7 36. Rf2 Qg6 37. Rc8 Rxc8 38. Qxc8 Rh4 39. Ke2 Qxe4+ 0-1

[Event "London Classic op 10th"]
[Site "London"]
[Date "2018.12.15"]
[Round "8"]
[White "Balaji, Aaravamudhan"]
[Black "Quinn, John M"]
[Result "1/2-1/2"]
[WhiteElo "1914"]
[BlackElo "2160"]
[PlyCount "64"]
[EventDate "2018.12.09"]
[EventType "swiss"]
[EventRounds "9"]
[EventCountry "ENG"]
[SourceTitle "CBM 187 Extra"]
[Source "ChessBase"]
[SourceDate "2018.11.04"]
[SourceVersion "1"]
[SourceVersionDate "2018.11.04"]
[SourceQuality "1"]

1. d4 Nf6 2. c4 g6 3. Nf3 Bg7 4. Nc3 0-0 5. Bg5 d6 6. Bxf6 exf6 7. e3 c6 8. Be2 f5 9. 0-0 Nd7 10. Rc1 Nf6 11. Bd3 Re8 12. Qc2 Qe7 13. Nd2 b6 14. Rfe1 Bb7 15. h3 Nd7 16. Nf1 c5 17. d5 Nf6 18. Ng3 a6 19. a4 Nd7 20. Qd2 Qh4 21. b3 Ne5 22. Nf1 Re7 23. f4 Nd7 24. Qf2 Qh6 25. g4 fxg4 26. hxg4 Bxc3 27. Rxc3 Qg7 28. Rc2 Rae8 29. Qh4 Bc8 30. Rh2 Nf8 31. Rc2 Nd7 32. Rh2 Nf8 1/2-1/2

[Event "Bodensee op"]
[Site "Bregenz"]
[Date "2018.05.13"]
[Round "9"]
[White "Quinn, John M"]
[Black "Raddatz, Michael"]
[Result "1-0"]
[WhiteElo "2139"]
[BlackElo "1993"]
[PlyCount "65"]
[EventDate "2018.05.05"]
[EventType "swiss"]
[EventRounds "9"]
[EventCountry "AUT"]
[SourceTitle "CBM 184 Extra"]
[Source "ChessBase"]
[SourceDate "2018.06.28"]
[SourceVersion "1"]
[SourceVersionDate "2018.06.28"]
[SourceQuality "1"]

1. d4 Nf6 2. c4 g6 3. Nc3 Bg7 4. e4 d6 5. Nf3 0-0 6. h3 e5 7. d5 a5 8. Bg5 Na6 9. Nd2 Qe8 10. g4 Nd7 11. Rg1 f6 12. Be3 Ndc5 13. h4 Nb4 14. Nb3 b6 15. Be2 Bd7 16. h5 Rf7 17. Nxc5 bxc5 18. Nb5 Qd8 19. Qd2 Bf8 20. hxg6 hxg6 21. a3 Na6 22. 0-0-0 Bxb5 23. cxb5 Nb8 24. g5 f5 25. exf5 gxf5 26. g6 Rd7 27. Bg5 Be7 28. Bxe7 Qxe7 29. Rh1 f4 30. Bg4 Qf6 31. Be6+ Kf8 32. Bxd7 Nxd7 33. Rh7 1-0